000 01362pab a2200169 454500
008 180718b2014 xxu||||| |||| 00| 0 eng d
100 _aKickert, Walter J.M.
245 _aSpecificity of change management in public organizations: Conditions for successful organizational change in Dutch Ministerial Departments
260 _c2014
300 _ap.693-717.
362 _aNov
520 _aThis article is about the specificity of change management in public organizations. We analyze change management in a core-governmental type of public organization, that is, ministerial departments. Using six case studies of ministerial reorganizations, we address the question what specific characteristics the conditions for successful organizational change can have there. The case studies show that some of the success conditions did apply to these public organizations, some could be refined and specified, and others did not apply. The case studies also show that the conditions for successful organizational change were not the major explanations for success and failure of change. Change management in this type of public organization is not simply a straightforward application of generic management science insights. - Reproduced.
650 _aOrganizational change
773 _aAmerican Review of Public Administration
908 _aN
909 _a106671
999 _c106666
_d106666